| 000 -Etiqueta do registo | |
|---|---|
| campo de controlo de comprimento fixo | 008620000a22002290004500 |
| 001 - Identificador do registo | |
| Campo de controlo | 50400 |
| 010 ## - ISBN | |
| Número (ISBN) | 978-972-9064-25-8 |
| 100 ## - Dados Gerais de Proc. | |
| Dados gerais de processamento | 20100618d2010 k y0pory5003 ba |
| 101 0# - Língua da publicação | |
| Língua do texto, banda sonora, etc. | Português |
| 102 ## - País de Publicação | |
| País de publicação | Portugal |
| 200 1# - Título | |
| Título próprio | Diana ou a fada da floresta e outros... |
| Primeira menção de responsabilidade | Câmara Municipal de Loulé. Câmara Municipal de Lagos |
| 210 ## - Publicação, Distribuição | |
| Lugar da edição, distribuição, etc. | Loulé, Lagos |
| Nome do editor, distribuidor, etc. | Câmara Municipal de Loulé, Câmara Municipal de Lagos |
| Data da publicação, distribuição, etc. | 2006 |
| 215 ## - Descrição física | |
| Descrição física | 63 p. |
| Outras indicações físicas | il. |
| Dimensões | 21 cm |
| 300 ## - Notas gerais | |
| Texto da nota | Primeira edição do concurso literário Sophia de Mello Breyner Andresen |
| 606 ## - Nome comum | |
| Elemento de entrada | Literatura juvenil |
| Subdivisão de assunto | Conto |
| 675 ## - CDU | |
| Notação | 824.134.3-34"20" |
| Edição | BN |
| Língua da edição | Português |
| 710 02 - Colectividade (resp. principal) | |
| Palavra de ordem | Loulé, Câmara Municipal de |
| 711 02 - Colectividade (co-resp. principal) | |
| Código de função | Autor |
| Palavra de ordem | Lagos, Câmara Municipal de |
| 801 ## - Fonte de origem | |
| País | Portugal |
| Data da última transacção | 20100618 |
| 090 ## - Números de controlo do sistema (Koha) | |
| Número biblioitem do Koha (gerado automaticamente) | 50400 |
| 942 ## - Elementos de entrada adicionados (Koha) | |
| Tipo de item no Koha | Monografias |
| Suprimido | Disponível no OPAC |
| 999 ## - Campo local | |
| Campo local | 50400 |
| -- | Bibliobase - BEBDPPC |
| -- | 2019-01-21 |
| Removido (estado) | Perdido (estado) | Data de aquisição | Origem do registo (biblioteca) (codificado) | Código da organização que empresta ou é detentora (biblioteca) | Código de barras | Número de inventário | Cota | Tipo de circulação (não pode ser emprestado) | Tipo de item e material |
|---|---|---|---|---|---|---|---|---|---|
| Disponível | Disponível | 2010-06-18 | Biblioteca EB23 D. Paio Peres Correia | Biblioteca EB23 D. Paio Peres Correia | BEBDPPC4468 | 4468 | 82-34 DIA | Normal | Monografias |